| 000 | 00872nam a22002057a 4500 | ||
|---|---|---|---|
| 003 | OSt | ||
| 005 | 20260528110902.0 | ||
| 008 | 260528b ||||| |||| 00| 0 eng d | ||
| 040 | _cBCRI | ||
| 082 | _a664 | ||
| 100 | 1 |
_aLinares Olmedo, Mynor Stuardo _950413 |
|
| 245 | 1 | 0 |
_aPasantía realizada en Escuela Nacional de Agricultura (ENA) _b: informe final _cMynor Stuardo Linares Olmedo |
| 260 |
_aSanta Ana (El Salvador) _bUniversidad Católica de El Salvador _c2026 |
||
| 300 |
_a128 h. _c28 cm. _e+ 1 disco compacto |
||
| 502 | _aTrabajo de graduación para optar al grado académico de Ingeniera en Tecnología y Procesamiento de Alimentos | ||
| 505 | _aPeríodo de realización: agosto 2025 a enero 2026 | ||
| 650 | 2 | 4 |
_927598 _aTecnología de alimentos |
| 710 | 2 |
_91166 _aUniversidad Católica de El Salvador _bFacultad de Ingeniería y Arquitectura |
|
| 942 |
_2ddc _cTG |
||
| 999 |
_c36675 _d36675 |
||